Every Manchester United Goal Scorer in the 2007/08 Premier League - Statistics

General Stats
  • This quiz has been taken 35 times
  • The average score is 70 of 78
Answer Stats
Game Scorer % Correct
Wigan Athletic (H) Rooney
100%
Aston Villa (A) Rooney
100%
Aston Villa (A) Rooney
100%
Middlesbrough (H) Rooney
100%
Sunderland (A) Rooney
100%
Reading (A) Rooney
100%
Newcastle United (A) Rooney
100%
Newcastle United (A) Rooney
100%
Aston Villa (H) Rooney
100%
Aston Villa (H) Rooney
100%
Middlesbrough (A) Rooney
100%
Chelsea (A) Rooney
100%
Birmingham City (A) Ronaldo
96%
Wigan Athletic (H) Ronaldo
96%
Wigan Athletic (H) Ronaldo
96%
Arsenal (A) Ronaldo
96%
Blackburn Rovers (H) Ronaldo
96%
Blackburn Rovers (H) Ronaldo
96%
Fulham (H) Ronaldo
96%
Fulham (H) Ronaldo
96%
Derby County (H) Ronaldo
96%
Everton (H) Ronaldo
96%
Everton (H) Ronaldo
96%
Sunderland (A) Ronaldo
96%
West Ham United (A) Ronaldo
96%
Newcastle United (H) Ronaldo
96%
Newcastle United (H) Ronaldo
96%
Newcastle United (H) Ronaldo
96%
Reading (A) Ronaldo
96%
Portsmouth (H) Ronaldo
96%
Portsmouth (H) Ronaldo
96%
Newcastle United (A) Ronaldo
96%
Newcastle United (A) Ronaldo
96%
Derby County (A) Ronaldo
96%
Bolton Wanderers (H) Ronaldo
96%
Bolton Wanderers (H) Ronaldo
96%
Liverpool (H) Ronaldo
96%
Aston Villa (H) Ronaldo
96%
Middlesbrough (A) Ronaldo
96%
Arsenal (H) Ronaldo
96%
West Ham United (H) Ronaldo
96%
West Ham United (H) Ronaldo
96%
Wigan Athletic (A) Ronaldo
96%
Aston Villa (A) Ferdinand
93%
Newcastle United (H) Ferdinand
93%
Portsmouth (A) Scholes
93%
Chelsea (H) Tevez
93%
Wigan Athletic (H) Tevez
93%
Middlesbrough (H) Tevez
93%
Middlesbrough (H) Tevez
93%
Derby County (H) Tevez
93%
Derby County (H) Tevez
93%
Liverpool (A) Tevez
93%
Birmingham City (H) Tevez
93%
Newcastle United (H) Tevez
93%
Newcastle United (H) Tevez
93%
Tottenham Hotspur (A) Tevez
93%
Aston Villa (H) Tevez
93%
Blackburn Rovers (A) Tevez
93%
West Ham United (H) Tevez
93%
Everton (A) Vidic
89%
Aston Villa (A) Giggs
85%
Derby County (H) Giggs
85%
Wigan Athletic (A) Giggs
85%
Manchester City (H) Carrick
78%
West Ham United (H) Carrick
78%
Tottenham Hotspur (H) Nani
74%
Middlesbrough (H) Nani
74%
Liverpool (H) Nani
74%
Liverpool (H) Brown
67%
Fulham (A) Park
63%
Fulham (A) Hargreaves
56%
Arsenal (H) Hargreaves
56%
Sunderland (H) Saha
52%
Chelsea (H) Saha
52%
Sunderland (A) Saha
52%
Sunderland (A) Saha
52%
Newcastle United (A) Saha
52%
No matching quizzes found
Score Distribution
Percent of People with Each Score
Percentile by Number Answered
Your Score History
You have not taken this quiz